MARC details
| 000 -LEADER |
| fixed length control field |
01433nam a22002057a 4500 |
| 003 - CONTROL NUMBER IDENTIFIER |
| control field |
BDDh-ASL |
| 005 - DATE AND TIME OF LATEST TRANSACTION |
| control field |
20231015031320.0 |
| 008 - FIXED-LENGTH DATA ELEMENTS--GENERAL INFORMATION |
| fixed length control field |
201031s2020 b ||||| |||| 00| 0 b d |
| 040 ## - CATALOGING SOURCE |
| Original cataloging agency |
BDDh-ASL |
| Transcribing agency |
BDDh-ASL |
| 041 ## - LANGUAGE CODE |
| Language code of text/sound track or separate title |
bengali |
| 082 ## - DEWEY DECIMAL CLASSIFICATION NUMBER |
| Classification number |
920.72 |
| Item number |
TIN |
| 245 00 - TITLE STATEMENT |
| Title |
তিনি বিদুষী ছিলেন হিতৈষী: |
| Remainder of title |
মমতাজ বেগম বকুল স্মারকগ্রন্থ / |
| Statement of responsibility, etc. |
মোঃ রফিকুল আলম খন্দকার ও অন্যান্য (সম্পা.)। |
| 246 ## - VARYING FORM OF TITLE |
| Title proper/short title |
Tini Bidushi Chhilen Hitoishi: Momtaz Begum Sharokgrantho. |
| 260 ## - PUBLICATION, DISTRIBUTION, ETC. |
| Place of publication, distribution, etc. |
জামালপুর: |
| Name of publisher, distributor, etc. |
অনন্ত প্রকাশনী, |
| Date of publication, distribution, etc. |
২০২০। |
| 300 ## - PHYSICAL DESCRIPTION |
| Extent |
২০৮ পৃষ্ঠা: |
| Dimensions |
২২ সে. মি. |
| Other physical details |
রঙিন ছবি; |
| 600 10 - SUBJECT ADDED ENTRY--PERSONAL NAME |
| Personal name |
বকুল, মমতাজ বেগম |
| 9 (RLIN) |
7942 |
| 650 #0 - SUBJECT ADDED ENTRY--TOPICAL TERM |
| Topical term or geographic name entry element |
Commemoration Volume (স্মারকগ্রন্থ), Memoirs, স্মারকগ্রন্থ, Smārakagrantha, Souvenir, স্মরণিক, স্মারকগ্রন্থ, স্মৃতিকথা, Smr̥tikathā, Memoirs, Reminiscences, স্মরণিকা, Smaraṇikā, Souvenir, স্যুভেনির, অভিজ্ঞান, Syubhēnira, so͞ovəˈnir, memorial, souvenir, remembrancer |
| 9 (RLIN) |
4668 |
| 700 1# - ADDED ENTRY--PERSONAL NAME |
| Personal name |
খন্দকার, মোঃ রফিকুল আলম |
| 9 (RLIN) |
7943 |
| 942 ## - ADDED ENTRY ELEMENTS (KOHA) |
| Source of classification or shelving scheme |
Dewey Decimal Classification |
| Koha item type |
Books |